MARC details
| 000 -CABECERA |
| campo de control de longitud fija |
02176pam a2200361 i 4500 |
| 001 - NÚMERO DE CONTROL |
| campo de control |
990227148920107026 |
| 003 - IDENTIFICADOR DEL NÚMERO DE CONTROL |
| campo de control |
UkOxU |
| 005 - FECHA Y HORA DE LA ÚLTIMA TRANSACCIÓN |
| campo de control |
20251013115739.0 |
| 008 - DATOS DE LONGITUD FIJA--INFORMACIÓN GENERAL |
| campo de control de longitud fija |
210820s2022 enka b 001|0|eng|d |
| 015 ## - NÚMERO DE BIBLIOGRAFÍA NACIONAL |
| Número de bibliografía nacional |
GBC1E8491 |
| Fuente |
bnb |
| 016 7# - NÚMERO DE CONTROL DE UNA AGENCIA BIBLIOGRÁFICA NACIONAL |
| Número de control del registro |
020321059 |
| Fuente |
Uk |
| 020 ## - NÚMERO INTERNACIONAL ESTÁNDAR DEL LIBRO |
| Número Internacional Estándar del Libro |
9781009054676 |
| 035 ## - NÚMERO DE CONTROL DEL SISTEMA |
| Número de control de sistema |
(UkOxU)022714892 |
| 035 ## - NÚMERO DE CONTROL DEL SISTEMA |
| Número de control de sistema |
(UkOxU)022714892BIB01 |
| 035 ## - NÚMERO DE CONTROL DEL SISTEMA |
| Número de control de sistema |
(Uk)020321059 |
| 040 ## - FUENTE DE LA CATALOGACIÓN |
| Centro catalogador/agencia de origen |
StDuBDS |
| Lengua de catalogación |
eng |
| Normas de descripción |
rda |
| Centro/agencia transcriptor |
StDuBDS |
| Centro/agencia modificador |
Uk |
| -- |
UkOxU |
| 041 ## - CÓDIGO DE LENGUA |
| Código de lengua del texto/banda sonora o título independiente |
eng |
| 042 ## - CÃDIGO DE AUTENTICACIÃN |
| Código de autenticación |
ukblcatcopy |
| 050 ## - SIGNATURA TOPOGRÁFICA DE LA BIBLIOTECA DEL CONGRESO |
| Número de clasificación |
HD60.5.U5 |
| Número de documento/Ítem |
E33 2020 |
| 100 ## - ENTRADA PRINCIPAL--NOMBRE DE PERSONA |
| Nombre de persona |
Edmans, Alex |
| Término indicativo de función/relación |
author |
| 9 (RLIN) |
25205 |
| 245 10 - MENCIÓN DE TÍTULO |
| Título |
Grow the pie |
| Resto del título |
: how great companies deliver both purpose and profit |
| Mención de responsabilidad, etc. |
/ Alex Edmans. |
| 250 ## - MENCIÓN DE EDICIÓN |
| Mención de edición |
Revised and updated edition. |
| 260 ## - PUBLICACIÓN, DISTRIBUCIÓN, ETC. |
| Lugar de publicación, distribución, etc. |
Cambridge : |
| Nombre del editor, distribuidor, etc. |
Cambridge University Press, |
| Fecha de publicación, distribución, etc. |
2022. |
| 300 ## - DESCRIPCIÓN FÍSICA |
| Extensión |
xxi, 517 pages : |
| Otras características físicas |
illustrations (black and white) ; |
| Dimensiones |
20 cm |
| 504 ## - NOTA DE BIBLIOGRAFÍA, ETC. |
| Nota de bibliografía, etc. |
Includes bibliographical references and index. |
| 520 ## - SUMARIO, ETC. |
| Sumario, etc. |
A Financial Times Book of the Year 2020! Should companies be run for profit or purpose? In this ground-breaking book, acclaimed finance professor and TED speaker Alex Edmans shows it's not an either-or choice. Drawing from real-life examples spanning industries and countries, Edmans demonstrates that purpose-driven businesses are consistently more successful in the long-term. But a purposeful company must navigate difficult trade-offs and take tough decisions. Edmans provides a roadmap for company leaders to put purpose into practice, and overcome the hurdles that hold many back. He explains how investors can discern which companies are truly purposeful and how to engage with them to unleash value for both shareholders and society. And he highlights the role that citizens can play in reshaping business to improve our world. This edition has been thoroughly updated to include the pandemic, the latest research, and new insights on how to make purpose a reality. |
| 530 ## - NOTA DISPONIBLE DE FORMULARIO FÃSICO ADICIONAL |
| Nota de formato físico adicional disponible |
Also issued online. |
| 650 #0 - PUNTO DE ACCESO ADICIONAL DE MATERIA--TÉRMINO DE MATERIA |
| Término de materia o nombre geográfico como elemento de entrada |
Social responsibility of business |
| Subdivisión geográfica |
United States |
| 9 (RLIN) |
26103 |
| 650 #0 - PUNTO DE ACCESO ADICIONAL DE MATERIA--TÉRMINO DE MATERIA |
| Término de materia o nombre geográfico como elemento de entrada |
Profit |
| Subdivisión geográfica |
United States |
| 9 (RLIN) |
26104 |
| 650 #0 - PUNTO DE ACCESO ADICIONAL DE MATERIA--TÉRMINO DE MATERIA |
| Término de materia o nombre geográfico como elemento de entrada |
Corporations |
| Subdivisión geográfica |
United States |
| 9 (RLIN) |
7003 |
| 650 #0 - PUNTO DE ACCESO ADICIONAL DE MATERIA--TÉRMINO DE MATERIA |
| Término de materia o nombre geográfico como elemento de entrada |
Income distribution |
| Subdivisión geográfica |
United States |
| 9 (RLIN) |
26105 |
| 942 ## - ELEMENTOS DE ENTRADA AGREGADA (KOHA) |
| Fuente del sistema de clasificación o colocación |
Clasificación de Library of Congress |